|
|
|
|
| LEADER |
01431nam a2200313 a 4500 |
| 001 |
EBC3339992 |
| 003 |
MiAaPQ |
| 005 |
20200520144314.0 |
| 006 |
m o d | |
| 007 |
cr cn||||||||| |
| 008 |
090803s2003 riu s 000 0 eng d |
| 020 |
|
|
|z 9781932353037
|
| 035 |
|
|
|a (MiAaPQ)EBC3339992
|
| 035 |
|
|
|a (Au-PeEL)EBL3339992
|
| 035 |
|
|
|a (CaPaEBR)ebr10035702
|
| 035 |
|
|
|a (OCoLC)923252231
|
| 040 |
|
|
|a MiAaPQ
|c MiAaPQ
|d MiAaPQ
|
| 050 |
|
4 |
|a HF5823
|b .P76 2003
|
| 245 |
0 |
0 |
|a Proven online ad sales tactics
|h [electronic resource] :
|b practical know-how from profitable web and newsletter publishers.
|
| 260 |
|
|
|a Portsmouth, R.I. :
|b MarketingSherpa, Inc.,
|c 2003.
|
| 300 |
|
|
|a 111 p.
|
| 490 |
0 |
|
|a Practical know-how & case studies
|
| 505 |
0 |
|
|a pt. 1. Anne's forecast : 10 ways to sell more advertising in 2003 -- pt. 2. Best of contentbiz online ad sales practical advice -- pt. 3. Best of contentbiz ad sales for business-to-business sites and newsletters -- pt. 4 Best of contentbiz ad sales for consumer sites and newsletters.
|
| 533 |
|
|
|a Electronic reproduction. Ann Arbor, MI : ProQuest, 2015. Available via World Wide Web. Access may be limited to ProQuest affiliated libraries.
|
| 650 |
|
0 |
|a Advertising.
|
| 655 |
|
4 |
|a Electronic books.
|
| 710 |
2 |
|
|a MarketingSherpa, Inc.
|
| 710 |
2 |
|
|a ProQuest (Firm)
|
| 856 |
4 |
0 |
|u https://ebookcentral.proquest.com/lib/matrademy/detail.action?docID=3339992
|z Click to View
|